Riadenie fyzikálneho modelu vozidla

Salvato in:
Dettagli Bibliografici
Autore principale: Diossy, Daniel (Autore)
Altri autori: Ťapák, Peter (Relatore della tesi)
Natura: Manoscritto Libro
Lingua:slovacco
Pubblicazione: Bratislava : STU v Bratislave FEI, 2025
Soggetti:
Accesso online:https://opac.crzp.sk/?fn=detailBiblioFormChildWG0DM&sid=BA75C2D62745AD5727E59B9ED92F&seo=CRZP-detail-kniha
Tags: Aggiungi Tag
Nessun Tag, puoi essere il primo ad aggiungerne!!

MARC

LEADER 00000ntm a22000003a 4500
001 stuzp103725
003 SK-STU
005 20251104103858.9
007 ta
008 150427s2015----xo-----f-mn---000-0-slo-d
040 |a STU  |b slo 
041 0 |a slo 
044 |a xo 
100 1 |a Diossy, Daniel  |u 030400  |4 aut  |U FEI Fakulta elektrotechniky a informatiky  |T FEI Ústav automobilovej mechatroniky  |X 120627  |U E400  |Y 642  |7 120627 
242 0 1 |a Vehicle model control  |y eng 
245 1 0 |a Riadenie fyzikálneho modelu vozidla 
260 |a Bratislava :  |b STU v Bratislave FEI,  |c 2025 
300 |a 69 s. 
650 4 |a núdzové brzdenie  |2 slo 
650 4 |a Autonómne vozidlo  |2 slo 
650 4 |a JetRacer  |2 slo 
650 4 |a ROS  |2 slo 
650 4 |a sledovanie čiary pomocou kamery  |2 slo 
650 4 |a adaptívny tempomat  |2 slo 
650 4 |a LiDAR  |2 slo 
650 4 |a ultrazvukový senzor  |2 slo 
650 4 |a Arduino Nano  |2 slo 
650 4 |a ROS  |2 eng 
650 4 |a LiDAR  |2 eng 
650 4 |a emergency braking  |2 eng 
650 4 |a Arduino Nano  |2 eng 
650 4 |a JetRacer  |2 eng 
650 4 |a line following using a camera  |2 eng 
650 4 |a Autonomous vehicle  |2 eng 
650 4 |a adaptive cruise control  |2 eng 
650 4 |a ultrasonic sensor  |2 eng 
700 1 |a Ťapák, Peter  |u 030400  |k Z1  |4 ths  |U FEI Fakulta elektrotechniky a informatiky  |T FEI Ústav automobilovej mechatroniky  |X 3715  |U E400  |Y 642  |7 A000003715 
856 4 |u https://opac.crzp.sk/?fn=detailBiblioFormChildWG0DM&sid=BA75C2D62745AD5727E59B9ED92F&seo=CRZP-detail-kniha